HC dynamo pardubice players - Statistics

General Stats
  • This quiz has been taken 7 times
  • The average score is 6 of 33
Answer Stats
Answer % Correct
Jan sykora
100%
Petr sykora
100%
Tomas rolinek
80%
Petr caslava
60%
Martin kaut
40%
Ondrej kacetl
40%
Patrik poulicek
40%
Jacob cardwell
20%
Jordann perret
20%
Martin ruzicka
20%
Matej beran
20%
Ondrej panna
20%
Rhett Holland
20%
Sacha treille
20%
Tomas vondracek
20%
Ty Wishart
20%
Antonin Dusek
0%
David tomasek
0%
David tuma
0%
Jan scotka
0%
Jan Stary
0%
Jiri Hunkes
0%
Josef hrabal
0%
Ladislav havlik
0%
Marek troncinsky
0%
Marek vozenilek
0%
Milan kloucek
0%
Ondrej machala
0%
peter quenneville
0%
Rostislav marosz
0%
Tomas mojzis
0%
Tomas svoboda
0%
Vladislav Boiko
0%
No matching quizzes found
Score Distribution
Percent of People with Each Score
Percentile by Number Answered
Your Score History
You have not taken this quiz